| 000 | 00543nam a2200193Ia 4500 | ||
|---|---|---|---|
| 001 | 31980 | ||
| 003 | IN-NITTTR | ||
| 005 | 20251114233426.0 | ||
| 008 | 251113s9999||||xx |||||||||||||| ||eng|| | ||
| 040 | _beng | ||
| 040 | _cIN-NITTTR | ||
| 041 | _aeng | ||
| 082 | _a670.427 Y7M | ||
| 100 | _aYoussef, Helmi A. | ||
| 245 | 0 |
_aManufacturing technology : _b materials, processes and equipment / _cYoussef, Helmi A., El-Hofy, Hassan A., Ahmed, Mahmoud A. |
|
| 700 | _a Ahmed, Mahmoud A. | ||
| 700 | _a El-Hofy, Hassan A. | ||
| 942 |
_2ddc _cBK |
||
| 999 |
_c34610 _d34610 |
||